000 00436nam a2200193Ia 4500
003 OSt
005 20260107112914.0
008 210210b1994 xxu||||| |||| 00| 0 eng d
040 _cAL
041 _aeng
082 _a823.8 BROJ
100 _aCharlotte Bronte
_9250487
245 _aJohn Eyre
260 _aNew Delhi
_bUBSPD
_c1994
300 _axiv,462p
690 _aEnglish Fiction
_9250488
906 _a048508
942 _2ddc
_cBK
999 _c97411
_d97411